000 00753nam a22002297a 4500
003 NALT
005 20250902135917.0
008 s2014 eng d
020 _a9781626160750
040 _aNALT
041 _aeng
050 _aJZ 1238.U6
_bC37 2014
245 0 0 _aCareers in international affairs /
_ceditors Laura E. Cressey...[et al.].
250 _a9th ed.
260 _aWashington, DC :
_bGeorgetown University Press,
_c2014.
300 _a359 p. :
_btables ;
_c23 cm.
650 0 _aInternational economic relations
_935481
_xVocational guidance
_zUnited States
650 0 _aInternational relations
_935482
_xVocational guidance
_zUnited States
700 1 _aCressey, Laura E.
_935480
850 _aNALT
942 _cGB
_2lcc
999 _c74034
_d74034
998 _j104
_k นางสาวสายฝน ดีงาม